000 00703nam a2200169Ia 4500
008 090711s9999 xx 000 0 und d
082 _b78567
100 _aखांबेटे विजया
245 _a"देशोदेशीSया रंजक लोक कथा भा. 1, 2, 3"
260 _bशब्दाली प्रकाशन
_c1994
300 _a80+80+80
600 _aखांबेटे विजया
630 _a"देशोदेशीSया रंजक लोक कथा भा. 1, 2, 3"
700 _aखांबेटे विजया
730 _a"देशोदेशीSया रंजक लोक कथा भा. 1, 2, 3"
942 _cBOOK
999 _c321354
_d321354